A stranger and afraid /

Saved in:
Bibliographic Details
Main Author: Ferrars, E. X., 1907-
Corporate Author: Crime Club
Format: Book
Language:English
Published: London : Collins [for] the Crime Club, 1971.
LEADER 00880nam a2200241 i 4500
001 c000077291
003 CARM
005 00000000000000.0
008 710416s1971 enk 00011 eng d
015 |a B7108440 
019 1 |a 3517216  |5 LACONCORD2021 
020 |a 000231763X :  |c L.1.25 
035 |a (OCoLC)7682538  |5 LACONCORD2021 
100 1 |a Ferrars, E. X.,  |d 1907- 
245 1 2 |a A stranger and afraid /  |c Elizabeth Ferrars. 
260 |a London :  |b Collins [for] the Crime Club,  |c 1971. 
300 |a 190 p. ;  |c 21cm. 
500 |a Fiction in English, 1900-. Texts (BNB/PRECIS) 
710 2 |a Crime Club.  |t Publications. 
852 8 |b CARM  |h A2:AN19A0  |i A01287  |p 0119733  |f BK 
082 0 4 |a 823/.9/1  |2 18 
999 f f |i 2591cc8d-ed51-5d32-8e9d-88935c977463  |s 1bb3e287-ed67-5348-8b88-33cfa723c94b 
952 f f |p Can circulate  |a CAVAL  |b CAVAL  |c CAVAL  |d CARM 1 Store  |e A01287  |f A2:AN19A0  |h Other scheme  |i book  |m 0119733